Paroles "Au bout du rêve" - La princesse et la grenouille (Disney) - Statistiques

Statistiques générales
  • Ce quiz a été pris 104 fois
  • Le résultat moyen est 170 sur 195
Statistiques - réponses
Chanteur Paroles % Correct
à
100%
a
100%
j'
100%
l'
100%
d'
99%
au
97%
Au
97%
bout
97%
de
97%
du
97%
Je
97%
je
97%
j'irai
97%
J'irai
97%
pas
97%
rêve,
97%
rêve
97%
le
96%
mon
96%
n'ai
96%
temps
95%
des
93%
faire
93%
La
93%
choses
92%
Et
92%
J'ai
92%
j'ai
92%
maman,
92%
me
92%
perdre
92%
est
91%
si
89%
Si
89%
trop
89%
vais
89%
Cette
88%
cette
88%
88%
plus
88%
vie
88%
danser
86%
encore
86%
Y
86%
il
85%
les
85%
ne
85%
Tiana Oh
84%
pour
84%
sur
84%
tranquille
84%
travail
84%
bataille
82%
l'avant
82%
sais
82%
toujours,
82%
toujours
82%
comme
81%
Comme
81%
gagner
81%
montagnes
81%
père
81%
soulève
81%
Terre
81%
un
81%
urgent
81%
Alors
80%
Fais
80%
jour
80%
lentement
80%
que
80%
s'écoule
80%
Tu
80%
ville
80%
relève
78%
tellement
78%
rencontre
77%
chaque
76%
oui
76%
suis
76%
tombe
76%
C'est
74%
c'est
74%
depuis
74%
longtemps
74%
Mais
74%
mets
74%
moi,
74%
avec
73%
matin
73%
rien
73%
tes
73%
amour
72%
disait
72%
grand
72%
pourra
72%
fait
70%
m'arrêter,
70%
réussiras
70%
suffit
70%
erreurs
69%
tour
69%
monde,
68%
ça,
66%
parfaite
66%
efforts
65%
sans
65%
qu'un
62%
travaillerai
62%
N'épargne
61%
bientôt
59%
trêve
57%
tout
46%
j'atteins
11%
sommet
11%
Aucun quiz correspondant
Distribution des résultats
% des personnes avec chaque résultat
Percentile par nombre de réponses
Votre historique - résultats
Vous n’avez pas pris ce quiz